World Capitals Closest to Riyadh - One Minute Sprint - Statistics

General Stats
  • This quiz has been taken 18 times
  • The average score is 14 of 20
Answer Stats
km capital miles % Correct
780 Abu Dhabi 485
94%
980 Baghdad 609
94%
428 Manama 266
94%
1303 Tehran 809
94%
1637 Cairo 1017
88%
494 Doha 307
88%
535 Kuwait City 332
88%
1324 Amman 823
82%
1198 Muscat 744
82%
1072 Sana'a 666
82%
1406 Damascus 874
76%
1509 Djibouti 938
76%
1370 Jerusalem 851
76%
1488 Beirut 924
71%
1794 Khartoum 1115
59%
1320 Asmara 820
53%
1733 Yerevan 1077
41%
1729 Nicosia 1075
35%
1771 Baku 1100
29%
1838 Ashgabat 1142
6%
No matching quizzes found
Score Distribution
Percent of People with Each Score
Percentile by Number Answered
Your Score History
You have not taken this quiz